| 000 | 00646nam a2200217 u 4500 | ||
|---|---|---|---|
| 005 | 20241203063738.0 | ||
| 008 | 100827s2005 cl r 000 0 spa d | ||
| 020 | _a9806915313 | ||
| 035 | _aUPN01000177534 | ||
| 049 | _aI | ||
| 050 | 4 |
_aPZ78 _bT6.7 |
|
| 100 | 1 |
_aTorrealba, Viviana _934331 |
|
| 245 | 1 | 0 |
_aPeri + nola / _cViviana Torrealba ; il. Cindy Catini. |
| 260 |
_aColombia : _bEl Nacional, _c2005. |
||
| 300 |
_a31 p. : _bil. col. |
||
| 440 | 0 |
_aBrújula de papel ; _v20. _pMatemática |
|
| 650 | 0 |
_aCuentos infantiles colombianos _94407 |
|
| 650 | 4 |
_aMatemáticas _vLiteratura infantil _922413 |
|
| 905 | _aLibro | ||
| 999 |
_c149637 _d149637 |
||